Maiores países por categoria #1 - Statistics

Estatísticas Gerais
  • Esse quiz foi jogado 189 vezes
  • A pontuação média é 34 de 40
Estatísticas das Respostas
Resposta % Correto
17.098.246 Rússia
100%
143 Rússia
100%
8.510.417 Brasil
99%
217 Brasil
99%
2.179,5 Brasil
99%
9.596.961 China
99%
1.425 China
99%
18.273,4 China
99%
9.371.174 EUA
99%
341 EUA
99%
29.167,8 EUA
99%
3.287.590 Índia
99%
1.441 Índia
99%
3.889,1 Índia
99%
9.984.670 Canadá
98%
2.214,8 Canadá
98%
7.692.024 Austrália
95%
0,946 Austrália
95%
4.710,0 Alemanha
92%
0,950 Alemanha
92%
4.070,1 Japão
92%
2.780.400 Argentina
91%
0,967 Suiça
87%
0,966 Noruega
86%
3.174,1 França
84%
0,952 Suécia
84%
279 Indonésia
82%
2.376,5 Itália
80%
3.587,5 Reino Unido
78%
0,952 Dinamarca
74%
2.724.900 Cazaquistão
69%
229 Nigéria
69%
245 Paquistão
64%
0,959 Islândia
63%
2.381.741 Argélia
59%
0,946 Holanda
59%
174 Bangladesh
54%
0,950 Irlanda
48%
0,949 Singapura
42%
129 Etiópia
33%
Nenhum quiz correspondente encontrado
Distribuição das Pontuações
Porcentagem de Pessoas com Cada Pontuação
Percentil de Números Respondidos
Sua Pontuação Histórica
Você não jogou esse quiz